000 00687nam a22002415i 4500
001 12352
003 ES-MaACL
005 20240608062958.0
007 t|
008 951018s1995 sp ||||0| spa j
020 _a84-88617-05-4
040 _aM-BN
_bspa
_cM-BN
080 _a860-14"19"
100 0 _aMolina Caballero, José María,
_d1961-
_981916
245 1 3 _aEl color de la bruma /
_cJosé María Molina Caballero.
250 _a1ª ed.
260 _aRute :
_bAnfora,
_c1995.
300 _a41 p :
_b1 retr ;
_c20 cm.
490 1 _aAnfora nova ;
_v9
830 0 _aÁnfora Nova
_v9
_9179301
852 _aES-MaACL
_jL-19658
_bR.124454
999 _c12352
_d12352